Lyhin maan nimi A-Ö - Statistics

Yleistilastot
  • Tätä visaa on pelattu 3 259 kertaa
    3 249 viimeisimmän päivityksen jälkeen
  • Keskiarvotulos 19 / 24
Vastaustilastot
Kirjain Pituus Valtio % Oikein
S 5 Saksa/Samoa/Sudan/Suomi
93%
N 5 Nauru/Nepal/Niger/Norja
92%
Q 5 Qatar
91%
O 4 Oman
90%
R 6 Ranska/Ruanda/Ruotsi
90%
M 4 Mali
83%
P 4 Peru
82%
G 5 Ghana/Gabon
81%
H 5 Haiti
81%
V 4 Viro
81%
Z 8 Zimbabwe
81%
T 4 Togo/Tšad
80%
U 6 Uganda/Unkari
80%
K 5 Kenia/Kiina/Kuuba
79%
L 4 Laos
79%
J 5 Jemen
77%
F 5 Fidži
76%
I 4 Iran/Irak
76%
Y 11 Yhdysvallat
74%
D 8 Djibouti/Dominica
73%
B 5 Benin
68%
C 5 Chile
68%
A 6 Angola
62%
E 6 Egypti
44%
Ehtoja vastaavia visoja ei löytynyt
Tulosjakauma
Jokaisen tuloksen saaneiden osuus
Persentiili vastausten määrän mukaan
Tuloshistoriasi
Et ole pelannut tätä visaa sen viimeisimmän päivityksen jälkeen